00833nam a22002537a 4500003001100000005001700011008004100028020001500069040003900084041000800123082001500131245007500146260004400221300004100265650004200306650002100348650002300369650002500392700002200417700002800439942000700467952009000474999001500564LK-CoMWRAF20231113125720.0231021b2000 |||||||| |||| 00| 0 eng d a1565491084 aLK-CoMWRAFdLK-CoMWRAFeLK-CoMWRAF aeng a305.8bREC aReconcilable differences :bturning points in ethnopolitical conflict  aWest Hartford: bKumarian Press, c2000 axvi, 221 p. ; 23 cm.bIndex included a Ethnic relations--Political aspects. aCulture conflict aPolitical violence aConflict management. a Byrne, Seaneed. a Irvin, Cynthia L.eed. cBK 00104070aMAINbMAINd2023-10-21l0o305.8 RECpRAF1809r2023-10-21w2023-10-21yBK c3967d3967